[Event "4NCL Division 3 South"]
[Site "Milton Keynes, ENG"]
[Date "2021.11.20"]
[Round "1.11"]
[White "Webb, Richard M"]
[Black "Chan, Kim Yew"]
[Result "1-0"]
[WhiteElo "2214"]
[BlackElo "2317"]
[PlyCount "177"]
[EventDate "2021.11.20"]
[WhiteTeam "Crowthorne A"]
[BlackTeam "SchachAttack"]

1. e4 d5 2. exd5 Qxd5 3. Nc3 Qd8 4. d4 Nf6 5. Nf3 Bg4 6. h3 Bxf3 7. Qxf3 c6 8.
Bf4 Qxd4 9. Nb5 cxb5 10. Bxb5+ Nbd7 11. Qxb7 Rd8 12. Bc7 Qe4+ 13. Qxe4 Nxe4 14.
O-O-O Nef6 15. Bxd8 Kxd8 16. Rxd7+ Nxd7 17. Rd1 Kc7 18. Rxd7+ Kb6 19. Bc4 g6
20. c3 Bh6+ 21. Kc2 Bg5 22. b4 Rc8 23. Kb3 Bf6 24. a4 a5 25. Rd5 Ra8 26. Rb5+
Kc7 27. Bxf7 g5 28. Bd5 Ra7 29. Be4 h5 30. h4 gxh4 31. Rxh5 Ra6 32. g4 hxg3 33.
fxg3 Re6 34. Rc5+ Kb6 35. Rb5+ Kc7 36. Rb7+ Kd8 37. Rb8+ Kc7 38. Rb7+ Kd8 39.
Bf5 Re5 40. g4 e6 41. Bd3 Re3 42. Kc4 Rg3 43. bxa5 Rxg4+ 44. Kb5 Rg5+ 45. Kb6
Bxc3 46. a6 Bd4+ 47. Kc6 Kc8 48. Rf7 Kb8 49. a7+ Ka8 50. Be4 Re5 51. Bf3 Rf5
52. Kd6+ Rxf3 53. Rxf3 Kxa7 54. Kxe6 Bg1 55. Kd5 Kb7 56. Rf6 Ka7 57. Kc4 Kb7
58. Kb5 Bd4 59. Rf7+ Ka8 60. Ka6 Be5 61. Ra7+ Kb8 62. Rb7+ Ka8 63. Rd7 Bg3 64.
Rd3 Bh2 65. a5 Bb8 66. Kb6 Ba7+ 67. Kc6 Bg1 68. Kb5 Ka7 69. Rd7+ Ka8 70. Ka6
Bh2 71. Ra7+ Kb8 72. Rh7 Bg1 73. Rh1 Be3 74. Re1 Bf2 75. Rb1+ Ka8 76. Rb3 Bd4
77. Rd3 Be5 78. Kb6 Bh2 79. Rd1 Bf4 80. Rd8+ Bb8 81. Rd7 Bg3 82. Ra7+ Kb8 83.
Rf7 Ka8 84. a6 Be5 85. Ra7+ Kb8 86. Rd7 Ka8 87. a7 Bd4+ 88. Ka6 Bf6 89. Rc7 1-0

[Event "4NCL Division 3 South"]
[Site "Milton Keynes, ENG"]
[Date "2021.11.20"]
[Round "1.12"]
[White "Wilks, Simon"]
[Black "Coates, Kenneth G"]
[Result "1-0"]
[WhiteElo "2079"]
[BlackElo "2068"]
[PlyCount "65"]
[EventDate "2021.11.20"]
[WhiteTeam "SchachAttack"]
[BlackTeam "Crowthorne A"]

1. e4 d5 2. exd5 Qxd5 3. Nc3 Qd6 4. d4 Nf6 5. Nf3 Bg4 6. h3 Bh5 7. g4 Bg6 8.
Bg2 c6 9. Ne5 Nbd7 10. Bf4 Qb4 11. Nxg6 hxg6 12. O-O e6 13. a3 Qb6 14. Qd3 Be7
15. Rfd1 O-O 16. Rab1 Rac8 17. Qe2 Rfe8 18. Bg3 a6 19. h4 c5 20. d5 Nxd5 21.
Bxd5 exd5 22. Nxd5 Qd8 23. Qf3 Bxh4 24. Nb6 Qf6 25. Qxf6 Nxf6 26. Bxh4 Rc6 27.
Nd5 Nxd5 28. Rxd5 Re2 29. Rc1 c4 30. Kf1 Re4 31. f3 Re3 32. Bg5 Rxf3+ 33. Kg2
1-0

[Event "4NCL Division 3 South"]
[Site "Milton Keynes, ENG"]
[Date "2021.11.20"]
[Round "1.13"]
[White "Purdon, Colin"]
[Black "Alizada, Eldar"]
[Result "1/2-1/2"]
[WhiteElo "1992"]
[BlackElo "2035"]
[PlyCount "49"]
[EventDate "2021.11.20"]
[WhiteTeam "Crowthorne A"]
[BlackTeam "SchachAttack"]

1. d4 d5 2. c4 e6 3. Nc3 Nf6 4. Nf3 Be7 5. Bf4 O-O 6. e3 b6 7. Be2 Bb7 8. O-O
c5 9. dxc5 Bxc5 10. Rc1 dxc4 11. Bxc4 Nc6 12. Qe2 Qe7 13. a3 h6 14. b4 Bd6 15.
Bxd6 Qxd6 16. Ba6 Qe7 17. Bxb7 Qxb7 18. b5 Ne7 19. Ne5 Rac8 20. Rc2 Nfd5 21.
Rfc1 Nxc3 22. Rxc3 Rxc3 23. Rxc3 Rc8 24. Rxc8+ Qxc8 25. Qc4 1/2-1/2

[Event "4NCL Division 3 South"]
[Site "Milton Keynes, ENG"]
[Date "2021.11.20"]
[Round "1.14"]
[White "Handley, Michael R"]
[Black "Tart, Peter K"]
[Result "1/2-1/2"]
[WhiteElo "2095"]
[BlackElo "1873"]
[PlyCount "70"]
[EventDate "2021.11.20"]
[WhiteTeam "SchachAttack"]
[BlackTeam "Crowthorne A"]

1. d4 f5 2. g3 Nf6 3. Bg2 e6 4. c4 Be7 5. Nf3 O-O 6. O-O d6 7. Nc3 Ne4 8. Nxe4
fxe4 9. Nd2 d5 10. f3 c5 11. fxe4 Rxf1+ 12. Qxf1 Nc6 13. exd5 Nxd4 14. Ne4 exd5
15. cxd5 Bg4 16. Nc3 Qd7 17. Bd2 Rf8 18. Qd1 Qf5 19. Rc1 Qh5 20. Be3 Bxe2 21.
Qd2 Bf6 22. Re1 Bf3 23. Rf1 b5 24. b4 Bxg2 25. Kxg2 cxb4 26. Bxd4 bxc3 27. Bxc3
Bxc3 28. Rxf8+ Kxf8 29. Qxc3 Qxd5+ 30. Kg1 Qxa2 31. Qc5+ Kf7 32. Qf5+ Ke7 33.
Qe5+ Kf8 34. Qc5+ Kf7 35. Qf5+ Ke7 1/2-1/2

[Event "4NCL Division 3 South"]
[Site "Milton Keynes, ENG"]
[Date "2021.11.20"]
[Round "1.15"]
[White "Duckers, Harvey L"]
[Black "Burrows, Nick"]
[Result "0-1"]
[WhiteElo "1837"]
[BlackElo "2031"]
[PlyCount "146"]
[EventDate "2021.11.20"]
[WhiteTeam "Crowthorne A"]
[BlackTeam "SchachAttack"]

1. c4 b6 2. b4 Bb7 3. Bb2 Nf6 4. e3 g6 5. Nf3 Bg7 6. d4 O-O 7. Nc3 Ne4 8. Be2
c5 9. b5 Nxc3 10. Bxc3 d5 11. O-O Nd7 12. a4 Rc8 13. cxd5 Bxd5 14. Bb2 Qc7 15.
Rc1 Qb7 16. Qd2 Rfd8 17. Ra1 cxd4 18. exd4 Nf6 19. Rfc1 Ne4 20. Qb4 Rxc1+ 21.
Rxc1 Nd6 22. Ne1 Bh6 23. Rc2 Be4 24. Bd3 Bxd3 25. Nxd3 Qe4 26. Qb3 Nf5 27. Kf1
Nxd4 28. Bxd4 Qxd4 29. Ne1 Qe5 30. g3 Qe4 31. f3 Qf5 32. Re2 e6 33. Qc3 Qd5 34.
Qc2 Bd2 35. Qe4 Qd6 36. Ng2 Bb4 37. Ne3 h5 38. Qc2 Bc5 39. Qe4 Rd7 40. Kg2 Kh7
41. Qc4 Qe7 42. Qc2 Qd8 43. Nf1 Kg7 44. Nd2 Rd3 45. Ne4 Qd4 46. Nxc5 bxc5 47.
a5 c4 48. b6 axb6 49. axb6 Qd5 50. Rf2 Rb3 51. b7 Rxb7 52. Rd2 Qa5 53. Qc1 c3
54. Rc2 Rb3 55. Kf2 Qb4 56. Ke2 Rb2 57. Kd3 Rxc2 58. Qxc2 Qd6+ 59. Kxc3 Qc5+
60. Kd3 Qxc2+ 61. Kxc2 e5 62. Kd3 f5 63. Kc4 Kf6 64. Kd5 g5 65. h3 g4 66. fxg4
fxg4 67. hxg4 hxg4 68. Ke4 Ke6 69. Ke3 Kd5 70. Kd3 e4+ 71. Ke3 Ke5 72. Kd2 Kd4
73. Ke2 e3 0-1

[Event "4NCL Division 3 South"]
[Site "Milton Keynes, ENG"]
[Date "2021.11.20"]
[Round "1.16"]
[White "Moyse, Nigel John"]
[Black "Leadbetter, Scott"]
[Result "0-1"]
[WhiteElo "2018"]
[BlackElo "1593"]
[PlyCount "42"]
[EventDate "2021.11.20"]
[WhiteTeam "SchachAttack"]
[BlackTeam "Crowthorne A"]

1. d4 d6 2. c4 Nf6 3. Nc3 c6 4. e4 Nbd7 5. Be2 e5 6. Nf3 Be7 7. O-O Qc7 8. Bg5
h6 9. Bh4 g5 10. Bg3 Nh5 11. d5 Nf8 12. Ne1 Nf4 13. Rb1 Nxe2+ 14. Qxe2 h5 15.
f3 h4 16. Bf2 Ng6 17. b4 Bd7 18. dxc6 bxc6 19. b5 Nf4 20. Qd2 cxb5 21. cxb5
Qxc3 0-1

[Event "4NCL Division 3 South"]
[Site "Milton Keynes, ENG"]
[Date "2021.11.20"]
[Round "1.21"]
[White "Farrand, Tom"]
[Black "Seymour, Timothy P"]
[Result "1-0"]
[WhiteElo "2154"]
[BlackElo "2127"]
[PlyCount "123"]
[EventDate "2021.11.20"]
[WhiteTeam "CSC 1"]
[BlackTeam "Surbiton"]

1. e4 c6 2. d4 d5 3. Nc3 dxe4 4. Nxe4 Nf6 5. Nxf6+ exf6 6. Nf3 Bd6 7. Be3 O-O
8. Bd3 Re8 9. Qd2 Nd7 10. O-O-O Nf8 11. Kb1 Be6 12. Nh4 g6 13. Nf3 b5 14. h4 h5
15. Ne1 Bd5 16. Bf4 Ne6 17. Bxd6 Qxd6 18. Rg1 Qh2 19. Nf3 Bxf3 20. gxf3 Qxh4
21. Qh6 Nf8 22. Be4 Rac8 23. Rg4 Qh3 24. Rg3 Qh4 25. Rdg1 Rxe4 26. fxe4 Qxe4
27. Qxh5 g5 28. Qg4 Qxg4 29. Rxg4 Ne6 30. c3 Kg7 31. Kc2 f5 32. Rxg5+ Nxg5 33.
Rxg5+ Kf6 34. Rg1 Re8 35. Kd2 f4 36. Re1 Re6 37. Re2 Kf5 38. f3 a5 39. Kd3 a4
40. b3 axb3 41. axb3 Rd6 42. Re5+ Kg6 43. Ke4 Kf6 44. Rc5 Ke6 45. b4 Kd7 46. d5
cxd5+ 47. Rxd5 Kc6 48. Rxd6+ Kxd6 49. Kxf4 Kd5 50. Ke3 f5 51. f4 Kc4 52. Kd2
Kb3 53. Kd3 Ka4 54. Kd4 Kb3 55. Kc5 Kxc3 56. Kxb5 Kd4 57. Kc6 Ke4 58. b5 Kxf4
59. b6 Ke3 60. b7 f4 61. b8=Q f3 62. Qe5+ 1-0

[Event "4NCL Division 3 South"]
[Site "Milton Keynes, ENG"]
[Date "2021.11.20"]
[Round "1.22"]
[White "Way, Julian M"]
[Black "Finn, Peter"]
[Result "0-1"]
[WhiteElo "1984"]
[BlackElo "2162"]
[PlyCount "66"]
[EventDate "2021.11.20"]
[WhiteTeam "Surbiton"]
[BlackTeam "CSC 1"]

1. e4 c5 2. Na3 e6 3. Nf3 Nc6 4. Bb5 Nge7 5. O-O a6 6. Bxc6 Nxc6 7. Re1 b5 8.
d3 Be7 9. c3 O-O 10. Nc2 d5 11. Qe2 Bb7 12. Bd2 a5 13. Ne3 d4 14. cxd4 cxd4 15.
Nf1 Qd7 16. Rec1 Rfc8 17. Ng5 Nb4 18. a3 Nc2 19. Rab1 b4 20. axb4 axb4 21. Qg4
f5 22. exf5 exf5 23. Qh5 Bxg5 24. Qxg5 Ra6 25. f3 Bxf3 26. Qf4 Bb7 27. Qf2 Rg6
28. Ng3 b3 29. Rf1 Rf8 30. Bf4 Qd5 31. Rbd1 Ne3 32. Bxe3 dxe3 33. Qe2 h5 0-1

[Event "4NCL Division 3 South"]
[Site "Milton Keynes, ENG"]
[Date "2021.11.20"]
[Round "1.23"]
[White "Frostick, Clive A"]
[Black "Faulks, Nick"]
[Result "1-0"]
[WhiteElo "2108"]
[BlackElo "1836"]
[PlyCount "33"]
[EventDate "2021.11.20"]
[WhiteTeam "CSC 1"]
[BlackTeam "Surbiton"]

1. e4 c5 2. Nf3 e6 3. c3 d5 4. exd5 Qxd5 5. d4 Nf6 6. Na3 Nc6 7. Be3 cxd4 8.
Nb5 Qd8 9. Nbxd4 Nd5 10. Nxc6 bxc6 11. Bd4 f6 12. Bc4 c5 13. Be3 Nxe3 14. fxe3
Qb6 15. Qe2 Rb8 16. a4 Qxb2 17. Bb5+ 1-0

[Event "4NCL Division 3 South"]
[Site "Milton Keynes, ENG"]
[Date "2021.11.20"]
[Round "1.24"]
[White "Alcock, Graham P"]
[Black "Hasson, Peter"]
[Result "0-1"]
[WhiteElo "1736"]
[BlackElo "2073"]
[PlyCount "78"]
[EventDate "2021.11.20"]
[WhiteTeam "Surbiton"]
[BlackTeam "CSC 1"]

1. e4 d6 2. d4 Nf6 3. Nc3 g6 4. Nf3 Bg7 5. h3 O-O 6. Be3 a6 7. a3 b5 8. Bd3 Bb7
9. O-O Nbd7 10. b4 e5 11. dxe5 dxe5 12. Qe2 Qe7 13. Bg5 h6 14. Bh4 g5 15. Bg3
c5 16. bxc5 Qxc5 17. Nb1 Nh5 18. Kh2 Nf4 19. Bxf4 exf4 20. Ra2 Rae8 21. Nbd2
Nf6 22. Re1 h5 23. Nb3 Qc7 24. e5 Bxf3 25. gxf3 Rxe5 26. Qd2 Rxe1 27. Qxe1 g4
28. Nd2 Re8 29. Qg1 Qc3 30. Nb1 Qd4 31. Nd2 Qc3 32. Nb1 Qe5 33. Nd2 Qg5 34. Ne4
Nxe4 35. Bxe4 Qh4 36. Qg2 Bc3 37. fxg4 hxg4 38. f3 g3+ 39. Kg1 f5 0-1

[Event "4NCL Division 3 South"]
[Site "Milton Keynes, ENG"]
[Date "2021.11.20"]
[Round "1.25"]
[White "Fegan, Chris"]
[Black "Markov, Alexey"]
[Result "1-0"]
[WhiteElo "2020"]
[BlackElo "1600"]
[PlyCount "57"]
[EventDate "2021.11.20"]
[WhiteTeam "CSC 1"]
[BlackTeam "Surbiton"]

1. e4 c5 2. Nf3 e6 3. d4 cxd4 4. Nxd4 Nc6 5. Nc3 Bb4 6. Ndb5 a6 7. Nd6+ Bxd6 8.
Qxd6 Qe7 9. Qg3 Qf6 10. Bd3 Qg6 11. Qh3 Ne5 12. Be2 d5 13. f4 Nc6 14. exd5 Nd4
15. Bd3 exd5 16. Qe3+ Qe6 17. Nxd5 Qxe3+ 18. Bxe3 Ne6 19. f5 Nf8 20. Nc7+ Kd8
21. Nxa8 Nd7 22. O-O-O Ne7 23. Bc4 Nxf5 24. Bb6+ Ke7 25. g4 Nh6 26. Rhe1+ Kf8
27. Bc5+ Kg8 28. Re8+ Nf8 29. Rxf8# 1-0

[Event "4NCL Division 3 South"]
[Site "Milton Keynes, ENG"]
[Date "2021.11.20"]
[Round "1.26"]
[White "Lazarevic, Ljubica"]
[Black "Scrimgour, Alan"]
[Result "0-1"]
[WhiteElo "1480"]
[BlackElo "2046"]
[PlyCount "46"]
[EventDate "2021.11.20"]
[WhiteTeam "Surbiton"]
[BlackTeam "CSC 1"]

1. e4 c5 2. Nc3 e6 3. g3 d5 4. exd5 exd5 5. Bg2 d4 6. Nd5 Nc6 7. d3 Bd6 8. Ne2
Nge7 9. O-O Nxd5 10. Bxd5 O-O 11. Bg2 Re8 12. Re1 Ne5 13. f3 Bd7 14. Bf4 Bc6
15. Bxe5 Bxe5 16. Nc1 Bd6 17. Nb3 Qd7 18. Nd2 f5 19. Nc4 Bc7 20. Qd2 b5 21. Na5
Bd5 22. Nb3 Bb6 23. f4 c4 0-1

[Event "4NCL Division 3 South"]
[Site "Milton Keynes, ENG"]
[Date "2021.11.20"]
[Round "1.31"]
[White "Hedger, Alec"]
[Black "Wilson, Jaimie"]
[Result "0-1"]
[WhiteElo "1915"]
[BlackElo "2097"]
[PlyCount "98"]
[EventDate "2021.11.20"]
[WhiteTeam "Sussex Martlets 3"]
[BlackTeam "Wessex Some Stars A"]

1. e4 e5 2. Nf3 Nf6 3. d4 Nxe4 4. dxe5 d5 5. Nbd2 Nxd2 6. Qxd2 Be7 7. Bd3 O-O
8. O-O Bg4 9. Qf4 Bxf3 10. Qxf3 Nc6 11. Re1 Re8 12. e6 Bf6 13. exf7+ Kxf7 14.
Bg5 Ne5 15. Qh5+ Kf8 16. Bxf6 Qxf6 17. Qxh7 c6 18. Qf5 Qxf5 19. Bxf5 Kf7 20.
Bd3 Re6 21. Re3 Rae8 22. Rae1 d4 23. Re4 g5 24. Kf1 Nxd3 25. Rxe6 Rxe6 26. Rxe6
Kxe6 27. cxd3 Kf5 28. h3 c5 29. g3 b5 30. b3 Ke5 31. Ke2 Kf6 32. Kf3 Kf5 33. h4
gxh4 34. gxh4 a5 35. h5 a4 36. h6 Kg6 37. Ke4 c4 38. bxc4 b4 39. Kxd4 a3 40. c5
b3 41. axb3 a2 42. b4 a1=Q+ 43. Kc4 Qa6+ 44. Kc3 Kxh6 45. d4 Kg5 46. d5 Qb5 47.
d6 Kf5 48. Kd4 Qxb4+ 49. Kd5 Qe4# 0-1

[Event "4NCL Division 3 South"]
[Site "Milton Keynes, ENG"]
[Date "2021.11.20"]
[Round "1.32"]
[White "Lukosius, Rolandas"]
[Black "Wilton, Maximilian"]
[Result "1-0"]
[WhiteElo "2094"]
[BlackElo "1990"]
[PlyCount "93"]
[EventDate "2021.11.20"]
[WhiteTeam "Wessex Some Stars A"]
[BlackTeam "Sussex Martlets 3"]

1. d4 Nf6 2. c4 c5 3. d5 b5 4. cxb5 a6 5. b6 g6 6. Nc3 Qxb6 7. e4 d6 8. a4 Bg7
9. Be2 Nbd7 10. Nf3 O-O 11. O-O Rb8 12. Nd2 Ne5 13. Kh1 Qb4 14. f4 Ned7 15. a5
Ne8 16. Ra3 Qb7 17. Nc4 Nc7 18. Na4 Nf6 19. Bf3 Bd7 20. Nab6 Bb5 21. e5 Nfe8
22. e6 f5 23. b3 Nf6 24. Bb2 Na8 25. Re1 Nxb6 26. Nxb6 Ne4 27. Qc2 Bxb2 28.
Qxb2 Nf6 29. b4 cxb4 30. Qxb4 Ne8 31. Be2 Nc7 32. Bxb5 Nxb5 33. Raa1 Rfd8 34.
Rac1 Qa7 35. Rc6 Rb7 36. Rec1 Rc7 37. h3 Rb8 38. Qa4 Rd8 39. Qd1 Qb7 40. R1c2
Rxc6 41. dxc6 Qc7 42. Nd5 Qxa5 43. c7 Nxc7 44. Rxc7 Rb8 45. Rxe7 Qa2 46. Nf6+
Kf8 47. Rf7# 1-0

[Event "4NCL Division 3 South"]
[Site "Milton Keynes, ENG"]
[Date "2021.11.20"]
[Round "1.33"]
[White "Graham, William M"]
[Black "Goater, Kevin P"]
[Result "1-0"]
[WhiteElo "1935"]
[BlackElo "2070"]
[PlyCount "79"]
[EventDate "2021.11.20"]
[WhiteTeam "Sussex Martlets 3"]
[BlackTeam "Wessex Some Stars A"]

1. c4 c6 2. g3 d5 3. Bg2 dxc4 4. Nf3 Nf6 5. O-O e6 6. Qc2 b5 7. a4 Bb7 8. Na3
a6 9. b3 cxb3 10. Qxb3 Be7 11. Bb2 O-O 12. Rfc1 Nbd7 13. d4 Rc8 14. Ne1 Nd5 15.
Nd3 N7b6 16. e4 Nf6 17. Nc2 Nc4 18. Bc3 Nd7 19. Ne3 Nxe3 20. fxe3 c5 21. axb5
c4 22. Qb2 cxd3 23. bxa6 Ba8 24. Qd2 f5 25. Ba5 Rxc1+ 26. Rxc1 Qb8 27. Qxd3 Nf6
28. Qc4 Ba3 29. Qxe6+ Kh8 30. Ra1 fxe4 31. Qa2 Bd6 32. Rb1 Qc8 33. Qe2 Bd5 34.
Bf1 h5 35. Bb4 Bxb4 36. Rxb4 Ng4 37. h3 Qc3 38. Rb5 Qxe3+ 39. Qxe3 Nxe3 40. Be2
1-0

[Event "4NCL Division 3 South"]
[Site "Milton Keynes, ENG"]
[Date "2021.11.20"]
[Round "1.34"]
[White "Westrap, Christian F"]
[Black "Finn, Thomas"]
[Result "1/2-1/2"]
[WhiteElo "2057"]
[BlackElo "1915"]
[PlyCount "99"]
[EventDate "2021.11.20"]
[WhiteTeam "Wessex Some Stars A"]
[BlackTeam "Sussex Martlets 3"]

1. d4 d5 2. Nf3 Nf6 3. g3 c5 4. Bg2 Nc6 5. O-O e6 6. c4 cxd4 7. Nxd4 Bc5 8. Nb3
Bb6 9. Nc3 dxc4 10. Qxd8+ Kxd8 11. Nd2 Na5 12. b4 cxb3 13. Nxb3 Bd7 14. Bf4 Ke7
15. Rfd1 Rhd8 16. Bd6+ Ke8 17. Nc5 Bc6 18. Bxc6+ Nxc6 19. Nxb7 Rd7 20. Nc5 Bxc5
21. Bxc5 Rad8 22. f3 a6 23. Kf2 Nd5 24. Ne4 Rb8 25. Nd6+ Kf8 26. e4 Nde7 27.
Rab1 Rdd8 28. Ke3 Kg8 29. f4 e5 30. Rxb8 Rxb8 31. Nc4 exf4+ 32. gxf4 Ng6 33. f5
Nge5 34. Nxe5 Nxe5 35. Kf4 f6 36. Rd2 Kf7 37. h4 h6 38. h5 a5 39. Kg3 Rc8 40.
Bd4 Rc4 41. Bxe5 fxe5 42. Rd7+ Kf6 43. Rd6+ Kg5 44. Rg6+ Kxh5 45. Rxg7 Rxe4 46.
f6 Rf4 47. Re7 Rf5 48. f7 Kg6 49. Rxe5 Rxf7 50. Rxa5 1/2-1/2

[Event "4NCL Division 3 South"]
[Site "Milton Keynes, ENG"]
[Date "2021.11.20"]
[Round "1.35"]
[White "Woods, Timothy J"]
[Black "Clark, Ian C"]
[Result "0-1"]
[WhiteElo "1645"]
[BlackElo "1960"]
[PlyCount "50"]
[EventDate "2021.11.20"]
[WhiteTeam "Sussex Martlets 3"]
[BlackTeam "Wessex Some Stars A"]

1. e4 c5 2. Nf3 d6 3. d4 cxd4 4. Nxd4 Nf6 5. Nc3 a6 6. f4 e6 7. Qf3 Nbd7 8. Be3
Qc7 9. O-O-O b5 10. Kb1 b4 11. Na4 Bb7 12. Bd3 Nc5 13. Nxc5 dxc5 14. Nxe6 fxe6
15. Qh3 Qc6 16. e5 Nd5 17. Qh5+ Kd8 18. Bc4 Kc7 19. Bf2 Rd8 20. f5 exf5 21.
Qxf5 Qg6 22. Qh3 Be7 23. Qb3 Nb6 24. Bg3 Qg5 25. e6+ Kc8 0-1

[Event "4NCL Division 3 South"]
[Site "Milton Keynes, ENG"]
[Date "2021.11.20"]
[Round "1.36"]
[White "Gregory, Keith D F"]
[Black "Finn, Elizabeth"]
[Result "1-0"]
[WhiteElo "1943"]
[BlackElo "1645"]
[PlyCount "125"]
[EventDate "2021.11.20"]
[WhiteTeam "Wessex Some Stars A"]
[BlackTeam "Sussex Martlets 3"]

1. Nf3 Nf6 2. c4 e6 3. g3 d5 4. Bg2 Nbd7 5. O-O c6 6. b3 b6 7. d3 Bb7 8. Bb2
Be7 9. Nbd2 O-O 10. Qc2 Rc8 11. Rac1 Re8 12. Qb1 Bb4 13. a3 Bxd2 14. Nxd2 e5
15. b4 a6 16. Rfd1 Qe7 17. Nb3 Red8 18. c5 b5 19. e4 Qe6 20. Na5 Ba8 21. Qa2
Nf8 22. Qa1 Ng6 23. Rc2 Rd7 24. Rcd2 Rcd8 25. Qc1 dxe4 26. dxe4 h6 27. Bc3 Ne8
28. Rxd7 Rxd7 29. Rxd7 Qxd7 30. Qd2 Qxd2 31. Bxd2 Nc7 32. Bh3 f6 33. Bd7 Ne7
34. f4 Kf7 35. f5 h5 36. h3 g6 37. g4 hxg4 38. hxg4 g5 39. Kf2 Ne8 40. Kf3 Nc7
41. Bc3 Kg7 42. Nb3 Bb7 43. Nc1 Bc8 44. Bxc8 Nxc8 45. Nd3 Kf8 46. Nxe5 fxe5 47.
Bxe5 Ne8 48. Bc3 Kf7 49. e5 Ne7 50. Bd2 Nd5 51. Bxg5 Nec7 52. Bd2 a5 53. Ke4
axb4 54. axb4 Na6 55. e6+ Kf6 56. g5+ Ke7 57. Ke5 Nac7 58. f6+ Kf8 59. g6 Nxf6
60. Kxf6 Ne8+ 61. Kf5 Ng7+ 62. Ke5 Ne8 63. Bh6+ 1-0

[Event "4NCL Division 3 South"]
[Site "Milton Keynes, ENG"]
[Date "2021.11.20"]
[Round "1.41"]
[White "Hughes, Roy"]
[Black "Nelson, Omowale"]
[Result "1-0"]
[WhiteElo "2067"]
[BlackElo "1975"]
[PlyCount "115"]
[EventDate "2021.11.20"]
[WhiteTeam "Iceni 1"]
[BlackTeam "Watford A"]

1. d4 d5 2. Nf3 Nf6 3. g3 Bf5 4. Bg2 e6 5. O-O Bd6 6. c4 c6 7. Qb3 Qc8 8. Nc3
h6 9. Nd2 O-O 10. e4 dxe4 11. Ndxe4 Nxe4 12. Nxe4 Be7 13. Bf4 Rd8 14. Rfd1 Na6
15. Rac1 Bxe4 16. Bxe4 Bf6 17. Be3 e5 18. d5 c5 19. a3 Rd6 20. Qc3 b6 21. Bb1
Qh3 22. Qc2 g6 23. Qd2 Kg7 24. Be4 Nc7 25. Qe2 Bg5 26. Bg2 Qd7 27. Bxg5 hxg5
28. Qxe5+ f6 29. Qc3 Re8 30. Re1 Qf5 31. Rxe8 Nxe8 32. Qe3 Kf7 33. Re1 Qd7 34.
Bh3 Qd8 35. Be6+ Kg7 36. Bf5 gxf5 37. Qxe8 Qxe8 38. Rxe8 Kf7 39. Rh8 Kg6 40.
Ra8 Rd7 41. Re8 f4 42. f3 fxg3 43. hxg3 Kf5 44. g4+ Kf4 45. Kf2 f5 46. Rf8 Ke5
47. Rxf5+ Kd4 48. Rxg5 Kxc4 49. Re5 Kb3 50. Re2 Rxd5 51. Kg3 c4 52. f4 c3 53.
bxc3 Kxa3 54. g5 Rd7 55. f5 a5 56. f6 Rf7 57. Kg4 a4 58. Kf5 {#r} 1-0

[Event "4NCL Division 3 South"]
[Site "Milton Keynes, ENG"]
[Date "2021.11.20"]
[Round "1.42"]
[White "Pigott, Darrell N"]
[Black "Sagues, Vincent"]
[Result "1/2-1/2"]
[WhiteElo "1960"]
[BlackElo "2058"]
[PlyCount "68"]
[EventDate "2021.11.20"]
[WhiteTeam "Watford A"]
[BlackTeam "Iceni 1"]

1. e4 d5 2. exd5 Qxd5 3. Nc3 Qd8 4. Bc4 Nf6 5. d4 a6 6. Nge2 b5 7. Bd3 Bb7 8.
f3 e6 9. Bg5 Be7 10. O-O O-O 11. Kh1 Nbd7 12. Ne4 Nd5 13. Bd2 Nb4 14. Bxb4 Bxb4
15. a3 Be7 16. c4 bxc4 17. Bxc4 Nb6 18. Bd3 a5 19. Rc1 Bd5 20. Qc2 c6 21. Ng5
g6 22. b3 Bf6 23. Rfd1 Nd7 24. Ne4 Be7 25. Ra1 Rb8 26. Rdb1 Qb6 27. Bc4 Rfc8
28. Qd3 f5 29. N4c3 Bf6 30. Na4 Qa7 31. Rd1 Nb6 32. Nxb6 Qxb6 33. Rab1 Be7 34.
Nf4 Bxa3 1/2-1/2

[Event "4NCL Division 3 South"]
[Site "Milton Keynes, ENG"]
[Date "2021.11.20"]
[Round "1.43"]
[White "Calvert, D Ian"]
[Black "Lancaster, Roger"]
[Result "1/2-1/2"]
[WhiteElo "1962"]
[BlackElo "1953"]
[PlyCount "54"]
[EventDate "2021.11.20"]
[WhiteTeam "Iceni 1"]
[BlackTeam "Watford A"]

1. b3 d5 2. Bb2 Bf5 3. Nf3 Nf6 4. c4 c6 5. g3 Nbd7 6. Bg2 e6 7. O-O Bd6 8. d3
O-O 9. Nbd2 e5 10. cxd5 cxd5 11. e4 Bg4 12. exd5 Nxd5 13. Nc4 Bc7 14. Qd2 Re8
15. b4 f6 16. Rfc1 N7b6 17. Ne1 Be6 18. Nxb6 Bxb6 19. Nc2 a5 20. a3 Qd6 21. Ne3
Bxe3 22. fxe3 axb4 23. Bxd5 Bxd5 24. Qxb4 Rad8 25. Qxd6 Rxd6 26. d4 Rb6 27. Rc2
exd4 1/2-1/2

[Event "4NCL Division 3 South"]
[Site "Milton Keynes, ENG"]
[Date "2021.11.20"]
[Round "1.44"]
[White "Taylor, Alistair"]
[Black "Lightfoot, Malcolm J"]
[Result "1-0"]
[WhiteElo "1840"]
[BlackElo "1970"]
[PlyCount "43"]
[EventDate "2021.11.20"]
[WhiteTeam "Watford A"]
[BlackTeam "Iceni 1"]

1. d4 Nf6 2. c4 e6 3. Nc3 Bb4 4. f3 d5 5. Bg5 h6 6. Bh4 c5 7. cxd5 exd5 8. a3
Bxc3+ 9. bxc3 Nc6 10. e3 Be6 11. Bb5 cxd4 12. Bxc6+ bxc6 13. Qxd4 Qe7 14. Ne2
c5 15. Bxf6 gxf6 16. Qf4 Kf8 17. Rb1 Kg7 18. Ng3 Kh7 19. Nh5 f5 20. h4 Rhg8 21.
Qe5 Rxg2 22. Nf6+ 1-0

[Event "4NCL Division 3 South"]
[Site "Milton Keynes, ENG"]
[Date "2021.11.20"]
[Round "1.45"]
[White "Reynolds, D Ian W"]
[Black "Dasgupta, Avyukt"]
[Result "1-0"]
[WhiteElo "1917"]
[BlackElo "1814"]
[PlyCount "85"]
[EventDate "2021.11.20"]
[WhiteTeam "Iceni 1"]
[BlackTeam "Watford A"]

1. e4 e6 2. d4 d5 3. Nc3 dxe4 4. Nxe4 Bd7 5. Nf3 Bc6 6. Bd3 Nd7 7. c3 Ngf6 8.
Qe2 Be7 9. Bg5 Nxe4 10. Bxe7 Nxc3 11. Bxd8 Nxe2 12. Bxc7 Bxf3 13. Bxe2 Bxe2 14.
Kxe2 Nf6 15. Be5 Rc8 16. Rac1 Kd7 17. Bxf6 gxf6 18. Kd3 Rhg8 19. g3 Kd6 20. Rc3
Rc6 21. Rxc6+ bxc6 22. Rc1 Rb8 23. b3 Rb5 24. Rc4 Ra5 25. a4 Rh5 26. h4 Rf5 27.
f4 h5 28. b4 a5 29. bxa5 Rxa5 30. Kc3 Ra8 31. Kb3 f5 32. Rc5 Rg8 33. Rc3 Kd5
34. a5 Kxd4 35. Rxc6 Rxg3+ 36. Kb4 Kd5 37. Rc7 Rg1 38. a6 Ra1 39. a7 Ke4 40.
Rc4+ Kf3 41. Rc3+ Kxf4 42. Ra3 Rb1+ 43. Ka5 1-0

[Event "4NCL Division 3 South"]
[Site "Milton Keynes, ENG"]
[Date "2021.11.20"]
[Round "1.46"]
[White "Charles, Simon"]
[Black "Ortiz Sanchez, Luis"]
[Result "0-1"]
[WhiteElo "1720"]
[BlackElo "1933"]
[PlyCount "106"]
[EventDate "2021.11.20"]
[WhiteTeam "Watford A"]
[BlackTeam "Iceni 1"]

1. d4 d5 2. Nf3 Nf6 3. Bf4 c6 4. Nbd2 Qb6 5. Nb3 a5 6. a4 Bf5 7. e3 Nbd7 8.
Nfd2 e6 9. Be2 Be7 10. O-O O-O 11. h3 Ne4 12. Nxe4 Bxe4 13. Bd3 Bxd3 14. Qxd3
c5 15. Qb5 Rfd8 16. Qxb6 Nxb6 17. Bc7 Nd7 18. Bxd8 Bxd8 19. dxc5 Ne5 20. Nd4
Be7 21. f4 Nc4 22. Rfe1 Bxc5 23. c3 b6 24. b3 Nd2 25. Red1 Ne4 26. Rac1 f6 27.
b4 axb4 28. cxb4 Bxb4 29. Nxe6 Nc3 30. Rxc3 Bxc3 31. Rxd5 Rxa4 32. f5 g6 33. g4
gxf5 34. gxf5 h5 35. Kf2 Be5 36. Kf3 Rh4 37. Kg2 Rb4 38. Nd8 Rb2+ 39. Kg1 Re2
40. Nc6 Rxe3 41. Rb5 Rxh3 42. Nxe5 fxe5 43. Rxe5 Rb3 44. f6 h4 45. Rf5 Kf7 46.
Kh2 b5 47. Rf4 h3 48. Rf2 b4 49. Rf4 Rb1 50. Kxh3 b3 51. Kg2 b2 52. Rb4 Kxf6
53. Kf2 Rh1 0-1